[Event "North Wales Open"]
[Site "Llandudno"]
[Date "2019.06.23"]
[Round "4.10"]
[White "Menon, Davin"]
[Black "Taylor, Robert Graham"]
[Result "1-0"]
[WhiteElo "1848"]
[BlackElo "1833"]
[Annotator "kemen"]
[PlyCount "143"]
[EventDate "2019.06.22"]
[EventRounds "5"]
[EventCountry "WLS"]

1. d4 Nf6 2. Nf3 b6 3. c4 e6 4. g3 Bb7 (4... Ba6) 5. Bg2 Be7 6. O-O O-O 7. Nbd2
(7. Nc3) (7. d5) 7... d6 8. Qc2 Nbd7 9. e4 (9. b3) 9... a5 $146 (9... e5) (9...
c5) 10. b3 c5 11. d5 $16 e5 12. Ne1 (12. Nh4) 12... g6 13. Nd3 Ne8 14. f4 f6
15. f5 g5 $16 16. Bf3 Ng7 (16... Nc7) 17. Qd1 (17. Nb1 Qe8 18. Nc3 Ba6 19. Nb5
$18 {Komodo13, but the win looks a long way off to human eyes}) 17... Qe8 (
17... Qc8) 18. g4 (18. Nb1 $18 {Komodo13- really?}) 18... Kf7 {(draw?)} 19. Nb1
Rh8 20. h4 h6 21. Nc3 Ba6 22. Qe2 Bd8 23. Nf2 (23. Kg2 $18 {Komodo13}) 23...
Ke7 24. Nh1 Nf8 25. hxg5 {this could wait- Wh coild then triple on the h file
& Bl could not reciprocate} hxg5 26. Ng3 Nd7 27. Nh5 (27. Kg2) 27... Qf7 (27...
Qg8) 28. Rf2 (28. Kf2) 28... Bc7 29. Rh2 Rag8 30. Be3 (30. Kf2) 30... Nxh5 31.
gxh5 g4 {trying to confuse issues} 32. Bxg4 Rxh5 33. Rg2 Rh4 34. Kf2 $16 Qh7
35. Rag1 Rh2 36. Kf1 (36. Ke1 {getting to the Q side}) 36... Rxg2 37. Qxg2 Nf8
38. Qh3 (38. Rh1 Qg7 39. Rh4 Rh8 40. Rxh8 Qxh8 41. Be2 $16 {Komodo13}) 38...
Qxh3+ 39. Bxh3 Rxg1+ 40. Kxg1 $16 Kf7 41. Bh6 (41. Bg4) 41... Nd7 42. Bg4 Ke7
43. Kg2 {Bl has no prospects, so Wh can just slowly advance and see what gives}
Bd8 44. Kh3 Nb8 45. Kh4 Bc8 46. Bh5 Bd7 47. Bg6 Na6 48. a3 Nc7 49. Na4 Ne8 50.
Bh7 b5 $14 51. Nb2 Nc7 (51... a4 $1 52. bxa4 b4 53. axb4 cxb4 54. Bg8 Bb6 $11 {
Komodo13- Bl needs to keep an eye out for a break, rather than just sit
defensively}) 52. Bd2 b4 53. a4 Kf7 54. Bh6 Be7 55. Kh5 (55. Bg6+ Kg8 $14)
55... Bf8 56. Bxf8 Kxf8 57. Kh6 (57. Kg6 $18 Be8+ (57... Ke7 58. Kg7 $18) 58.
Kxf6 $18) 57... Ke7 (57... Be8 $11) 58. Kg7 $18 Na6 59. Bg8 (59. Bg6 $18) (59.
Nd1 $18) 59... Be8 $16 60. Kh6 Nc7 61. Be6 Bf7 62. Nd3 Be8 63. Nf2 Bf7 64. Bc8
Kf8 (64... Na8) 65. Ng4 (65. Bb7 $18) 65... Ke7 66. Bb7 Be8 67. Bc6 Bf7 68. Kg7
Be8 69. Nxf6 Bxc6 70. dxc6 d5 71. Nxd5+ Nxd5 72. cxd5 1-0

[Event "North Wales Open"]
[Site "Llandudno"]
[Date "2019.06.23"]
[Round "4.11"]
[White "Dewangan, Aayush"]
[Black "Gogia, Armaan"]
[Result "0-1"]
[WhiteElo "1398"]
[BlackElo "1767"]
[Annotator "kemen"]
[PlyCount "114"]
[EventDate "2019.06.22"]
[EventRounds "5"]
[EventCountry "WLS"]

1. e4 c5 2. Nf3 d6 3. d4 cxd4 4. Nxd4 Nf6 5. Nc3 a6 6. Bg5 e6 7. Qd2 (7. f4)
7... Be7 8. O-O-O Nbd7 (8... b5 {main}) 9. Be2 (9. f4) 9... h6 10. Bh4 Nc5 11.
f3 Qc7 {Deep Fritz13 & Komodo13} (11... Bd7 12. Kb1 Nfxe4 13. Nxe4 Nxe4 14.
fxe4 Bxh4 15. Nf3 Be7 {Yepez-Salas Romo, Leipzig ol 1960,0-1}) 12. Bf2 b5 13.
g4 (13. b4 Ncd7 14. a4 {Deep Fritz13, which looks awful, wrecking the K's
position.} bxa4 15. Nxa4 d5 $15 {Komodo13}) (13. Bxb5+ axb5 14. Ndxb5 Qc6 15.
Nxd6+ Kf8 $11 {Komodo13}) 13... Bb7 (13... b4 14. Nb1 d5 $15 {Komodo13} (14...
O-O {Deep Fritz13})) 14. h4 Rc8 (14... b4 $17) 15. Rdf1 (15. g5 Nfd7 16. a3 $14
) 15... b4 16. Nb1 (16. Nd1 e5 (16... Nfxe4 17. fxe4 Bxe4 $15 {Komodo13} 18.
Kb1 e5 19. Bf3 exd4 20. Bxe4 Nxe4 21. Qd3 Nxf2 22. Nxf2 Bf6 23. Qe2+ Be5 $15)
17. Nb3 $11 {Deep Fritz13}) 16... Ncxe4 $1 {Komodo13} (16... d5 17. g5 Nh5 $17
{Deep Fritz13; Komodo13 thinks its winning for Bl}) 17. fxe4 Nxe4 18. Qd1 (18.
Qxb4 Nxf2 19. Rh2 Ne4 $19) 18... Nxf2 19. Rxf2 Bxh1 20. Qxh1 Bf6 (20... Qb6 21.
Qe4 d5 22. Qf4 O-O 23. Rf1 Bxh4 $19 {Komodo13}) 21. Rxf6 gxf6 22. Bxa6 Rb8 (
22... O-O $17 {Komodo13}) 23. Bb5+ (23. Qf3 $11 {both Engines}) 23... Kf8 $17
24. Qf1 Qc5 (24... Kg7) 25. Qxf6 (25. Nxe6+ $1 {both Engines} fxe6 26. Qxf6+
Kg8 27. Qg6+ Kf8 28. Qf6+ $11) 25... Qe5 $19 26. Qf2 Rxb5 27. Nxb5 Qxb5 $19 28.
Qf6 Qe5 29. Qf2 Rg8 30. Qd2 Rxg4 31. c3 Rg1+ (31... b3 $1 {both Engines} 32.
axb3 Rg1+ 33. Kc2 Qe4+ 34. Qd3 Rc1+ 35. Kxc1 Qxd3) 32. Kc2 Qf5+ 33. Qd3 (33.
Kb3 $5) 33... Qxd3+ (33... Rc1+ $1) 34. Kxd3 Rxb1 35. Kc2 Ra1 36. Kb3 bxc3 37.
bxc3 Ke7 38. h5 Kd7 39. a4 Rh1 (39... f5) 40. a5 Rxh5 41. Kb4 Rxa5 (41... Rg5)
42. Kxa5 h5 43. Kb4 h4 44. Kc4 h3 45. Kd4 h2 46. c4 h1=Q 47. c5 dxc5+ 48. Kxc5
Qd5+ 49. Kb4 Qc6 50. Kb3 Qc5 51. Kb2 Qc4 52. Ka3 Qb5 53. Ka2 Kd6 54. Ka3 Kd5
55. Ka2 Kc4 56. Ka1 Kc3 57. Ka2 Qb2# 0-1

[Event "North Wales Open"]
[Site "Llandudno"]
[Date "2019.06.23"]
[Round "5.2"]
[White "Davies, Nigel R"]
[Black "Hayward, Philip T"]
[Result "0-1"]
[WhiteElo "2494"]
[BlackElo "1076"]
[Annotator "kemen"]
[PlyCount "74"]
[EventDate "2019.06.22"]
[EventRounds "5"]
[EventCountry "WLS"]

1. g3 f5 2. c4 Nf6 3. Bg2 g6 4. Nc3 Bg7 5. d3 d6 6. e4 O-O 7. Nge2 fxe4 (7...
Nc6) (7... e5) 8. dxe4 c5 9. O-O Nc6 10. h3 e5 11. Bg5 (11. f4) (11. Nd5 {
alternatives}) 11... Be6 12. Nd5 Qd7 13. Kh2 Rf7 (13... Nd4) (13... Nh5) 14.
Qd2 Raf8 15. f3 (15. Rad1 {1 game each}) 15... b6 (15... Rb8 16. Rfd1 Ne8 17.
a4 b6 18. Ra3 a5 19. Raa1 {Wuttke-Chatzidakis, Oberliga Nord O, 2015, draw
agreed}) (15... Kh8 16. Rad1 Ng8 17. b3 h6 18. Be3 Kh7 19. Rf2 Nd4 20. Rdf1 Ne7
{Danailov-Avshalumov, Cannes op 1990,0-1}) (15... Nd4 $11 {Cloud Engines}) 16.
b3 Kh8 17. Bxf6 Bxf6 18. Rad1 (18. Nxf6 Rxf6 19. f4 $15) 18... Bg7 $15 19. Ndc3
Rd8 20. h4 Kg8 21. Qd3 {allows the B to a good diagonal} (21. Nd5) 21... Bh6
22. Ng1 Nd4 {this move has been an Engine preference for a long time} 23. Bh3
Rdf8 24. Bxe6 Qxe6 25. Nce2 g5 $19 {Stockfish9 & Komodo13} 26. Nxd4 (26. hxg5
Bxg5 27. Kg2 {lessens the impact}) 26... cxd4 27. hxg5 Bxg5 28. Kg2 Be3 29.
Rde1 Qh6 (29... Bxg1 30. Rxg1 Rxf3 31. Qxf3 Rxf3 32. Kxf3 Qh6 $19 {Cloud
Engines}) 30. Ne2 (30. Rxe3 dxe3 31. Re1 $17 {Cloud Engines}) 30... Qh5 31. g4
(31. Nxd4 {desperation by Stockfish9, Deep Fritz13 & Komodo13}) 31... Qh4 32.
Ng1 Bf4 (32... Rxf3 33. Nxf3 Qxg4+ 34. Kh1 Rxf3 {seems to be even stronger})
33. Rf2 Bg3 (33... h5 $1) 34. Ree2 (34. Nh3 {holds a little longer}) 34... h5
35. gxh5 Rg7 36. Kf1 Bxf2 37. Rxf2 Qh1 0-1

[Event "North Wales Open"]
[Site "Llandudno"]
[Date "2019.06.23"]
[Round "5.3"]
[White "Patrick, David A"]
[Black "Shakespeare, John"]
[Result "1-0"]
[WhiteElo "1878"]
[BlackElo "1950"]
[Annotator "kemen"]
[PlyCount "38"]
[EventDate "2019.06.22"]
[EventRounds "5"]
[EventCountry "WLS"]

1. e4 e6 2. d4 d5 3. exd5 exd5 4. Nf3 Bd6 5. Bd3 Bg4 6. Qe2+ (6. O-O) 6... Ne7
7. O-O Nd7 (7... Nbc6) (7... O-O 8. Bxh7+ {3-0}) 8. c4 (8. Bg5 f6 9. Bd2 c6 10.
Qe3 Qc7 11. Re1 O-O-O 12. a3 h5 13. c4 {Formankova-Holusova,CZE ch U12 girls,
1998,0-1}) (8. h3 $16 {Komodo13}) 8... dxc4 9. Bxc4 O-O $11 10. Bg5 Nb6 11. Bb3
Qd7 12. Bxe7 Rfe8 13. Qe4 Rxe7 14. Qxb7 (14. Ne5 $11 {Komodo13}) 14... Qe8 $17
15. Ng5 {(draw?)} Bh5 (15... Be2 16. Nc3 (16. Re1 Ba6 $19) (16. Rc1 Bf4 $19)
16... Bxf1 17. Rxf1 h6 $17 {Komodo13}) (15... Qb5 16. Nxf7 Bxh2+ 17. Kxh2 Qxf1
18. Nh6+ Kh8 19. Nxg4 Rf8 $17 {Komodo13}) 16. Nc3 c6 17. Qa6 h6 18. Nh3 Bg4 19.
Qd3 g6 $2 (19... Rd8 $17) 1-0

[Event "North Wales Open"]
[Site "Llandudno"]
[Date "2019.06.23"]
[Round "5.4"]
[White "Van Kemenade, Rudy"]
[Black "Whitehead, Mark A"]
[Result "1-0"]
[WhiteElo "1931"]
[BlackElo "1901"]
[Annotator "kemen"]
[PlyCount "57"]
[EventDate "2019.06.22"]
[EventRounds "5"]
[EventCountry "WLS"]

1. f4 {the first time in 28 years to get Wh!} d5 2. Nf3 Nf6 3. g3 c6 4. Bg2 Qb6
(4... g6 5. O-O Bg7 6. d3 Qb6+ 7. d4 O-O 8. h3 Ne4 9. Kh2 c5 10. c3 Nc6 {Dai
James-Whitehead, S Wales Autumn Open, Pencoed 2016,1/2-1/2}) 5. d4 (5. e3 {is
more flexible}) 5... Bf5 6. e3 (6. O-O Nbd7 7. e3 e6 8. Ne5 Nxe5 9. fxe5 Ne4
10. b3 Be7 11. c4 Qa6 12. Qe2 O-O {Van Kemenade-Gromark, EU Seniors ch tm 2014,
0-1}) 6... Nbd7 (6... e6 7. Nbd2 Nbd7 8. O-O Be7 9. h3 h6 10. Qe2 O-O 11. c3 c5
12. g4 Bh7 13. g5 Ne4 {Strobel-Popelka, Niederoesterrich Landesliga 2014,0-1})
7. O-O Ne4 8. Nh4 {initially both players thought that this won a piece} Nd6 (
8... e6 {also holds, as after} 9. g4 Qd8) 9. Nxf5 (9. c4 $1 {Komodo13} dxc4 (
9... Bxb1 10. c5 Qd8 11. Rxb1 $16) 10. Nxf5 Nxf5 11. Na3 Nd6 12. Qa4 e6 13.
Nxc4 Nxc4 14. Qxc4 $16) 9... Nxf5 10. Qd3 (10. c4 e6 11. Nc3 $11 {Komodo13})
10... e6 11. Nd2 (11. c4) 11... c5 12. c3 (12. c4 Qa6 13. b3 $11 {Komodo13})
12... Be7 13. Nf3 (13. Bxd5 {Komodo13, considered by Wh & pm analysis} Nxg3 (
13... Nxe3 14. Qxe3 exd5 15. Re1 $16) 14. Bxe6 (14. hxg3 exd5 15. e4 $11 {pm
analysis}) (14. Bxb7 Qxb7 15. hxg3 $14 {Komodo13}) 14... Qxe6 15. hxg3 $14 {
Komodo13}) 13... O-O (13... h5 $11 {Komodo13}) 14. g4 Nd6 15. Ne5 (15. b3)
15... Rad8 16. f5 (16. b3 $11) 16... c4 (16... Nxe5 17. dxe5 Nc4 18. e4 Nxe5
19. Qg3 c4+ 20. Kh1 Nd3 $19 {Komodo13}) 17. Qe2 (17. Qc2 $5) 17... exf5 $6 {
lets the Wh B loose} (17... Nxe5 18. dxe5 Ne4 19. Bxe4 dxe4 20. Qxc4 exf5 21.
gxf5 Bg5 22. Qxe4 Rfe8 $15 {Komodo13}) 18. Nxd7 Rxd7 19. Bxd5 $16 Qb5 20. Bg2
fxg4 21. Qxg4 (21. e4 {allows the QB out, pm analysis & Komodo13} f5 (21... h5
22. e5 $16) 22. exf5 Rxf5 23. Bf4 $18 {Komodo13}) 21... f5 22. Qh3 Bg5 $6 {too
many loose Bl pieces} (22... Rdd8 {pm analysis} 23. e4 Nxe4 24. Bxe4 fxe4 25.
Qe6+ Kh8 {Komodo13} 26. Qxe7 Rxf1+ 27. Kxf1 Qf5+ 28. Kg1 Qg4+ {perpetual}) 23.
a4 $1 Qa5 24. e4 Bxc1 25. Raxc1 Qxa4 {guards the R , but the centre pawns
backed by the B are now too powerful} (25... g6 26. e5 Nc8 27. Qg3 (27. d5 Qc5+
28. Kh1 Nb6 29. e6 Rxd5 30. Bxd5 Nxd5 (30... Qxd5+) 31. Rce1 Nf6 32. Qg2 Ne4
33. Rxf5 Ng3+ 34. Qxg3 Qxf5 35. Qe3 b6 $11 {Komodo13}) 27... Nb6 28. Rcd1 $16)
26. e5 $18 Ne4 (26... Ne8 $5 {pm analysis}) 27. Rxf5 Rxf5 28. Qxf5 Nd2 {
prevents Rf1 for the moment; but there are now several Wh winning lines} 29.
Qf4 (29. e6 {considered} Re7 30. d5 (30. Qf4 Nb3 31. Rf1 Qe8 32. d5 Nc5 33. d6
Rxe6 34. Bd5) 30... Qb5 31. Qf4 Nb3 32. Rf1 Qe8 33. d6 {Komodo13}) (29. Qe6+
Kf8 30. Re1 h6 31. Qg6 Qa6 32. Qh7 Qe6 33. Re2 $18 {Komodo13} (33. d5 Rxd5 {
less convincing})) (29. Qf4 Nb3 30. Rf1 {Mark & Komodo13}) 1-0

[Event "North Wales Open"]
[Site "Llandudno"]
[Date "2019.06.23"]
[Round "5.5"]
[White "Sandhu, Manvith"]
[Black "Surtees, Mike J"]
[Result "0-1"]
[WhiteElo "1602"]
[BlackElo "2112"]
[Annotator "kemen"]
[PlyCount "58"]
[EventDate "2019.06.22"]
[EventRounds "5"]
[EventCountry "WLS"]

1. e4 c6 2. d4 d5 3. e5 Bf5 4. h4 h5 5. Bd3 Bxd3 6. Qxd3 e6 7. Ne2 Qa5+ 8. Bd2
Qa6 9. Qxa6 (9. Qf3 {0-3}) 9... Nxa6 10. a3 (10. Nbc3 Nh6 11. Ng3 Rc8 12. Nce2
c5 13. Bxh6 Rxh6 14. O-O-O cxd4 15. Nxd4 Bc5 16. Nge2 Nb4 17. a3 Nc6 18. Nxc6
bxc6 19. Nd4 Bb6 20. Rh3 Rg6 {Goral-Bullen, Commonwealth ch, Glasgow 2014,0-1})
10... c5 11. c3 Ne7 12. Ng3 cxd4 (12... Rc8 $15) 13. cxd4 Nc6 14. Be3 f6 15. f4
Nc7 16. Ke2 Be7 17. Nc3 (17. Nd2 $11) 17... Na5 (17... Kd7 $15 {Komodo13}) 18.
a4 Rc8 19. Rab1 (19. f5 fxe5 20. dxe5 b6 21. fxe6 g6 22. Rad1 Rd8 23. Nb5 Nxe6
24. Nd6+ Bxd6 25. exd6 Nc4 26. Rxd5 Rxd6 27. Rxd6 Nxd6 $11 {Komodo13}) 19...
Na6 (19... g6 $15 {Komodo13}) 20. f5 $11 Kd7 (20... Nb4) 21. Bd2 {an odd
retreat} (21. fxe6+ Kxe6 22. Rbf1 fxe5 23. Nf5 Bf6 24. dxe5 Bxe5 25. Nd4+ Bxd4
26. Bxd4 Rc4 27. Bxg7 Rg8 28. Rf6+ Kd7 29. Rf7+ Ke8 30. Rhf1 Rg4 31. Bh6 Rxg2+
32. R1f2 Rxf2+ 33. Rxf2 d4 34. Ne4 Rg6 35. Nf6+ Ke7 36. Bg5 $11 {Komodo13}) (
21. Rbf1) 21... Nb3 $17 22. Ke3 $2 {Wh has lost the thread of the game} (22.
Be3) 22... fxe5 $19 23. fxe6+ Kxe6 24. Nb5 exd4+ 25. Nxd4+ Nxd4 26. Kxd4 Rc4+
27. Ke3 Bxh4 28. Ne2 Bg5+ 29. Kf3 Bxd2 0-1

[Event "North Wales Open"]
[Site "Llandudno"]
[Date "2019.06.23"]
[Round "5.6"]
[White "Rathbone-Jones, Ifan"]
[Black "Cukovs, Oleg"]
[Result "0-1"]
[WhiteElo "1887"]
[BlackElo "1910"]
[Annotator "kemen"]
[PlyCount "112"]
[EventDate "2019.06.22"]
[EventRounds "5"]
[EventCountry "WLS"]

1. d4 d5 2. c4 dxc4 3. e4 Nf6 (3... e5) 4. Nc3 (4. e5) 4... e5 5. d5 c6 6. Bg5
Bb4 7. Bxc4 (7. Bxf6 Qxf6 8. Bxc4 Qg6 9. Qf3 O-O {1 Wh win,3 draws, 2 Bl wins})
7... Bxc3+ 8. bxc3 Qa5 9. Bd2 (9. Qd3 Nxe4 {IWh win,2 draws,3 Bl wins}) 9...
Nxe4 $19 {Cloud Engines} 10. Qe2 $146 (10. dxc6 Nxc6 {2 draws}) (10. Qh5 O-O
11. Qxe5 Nxd2 12. Kxd2 cxd5 13. Nf3 Nc6 $18 {Weichlein-Teske, Bad Woerishofen
op 2014,0-1}) 10... cxd5 11. Bd3 O-O (11... Bf5 $5) 12. Bxe4 dxe4 13. Qxe4 Nc6
14. Nf3 Qc5 15. Rc1 f6 (15... f5) 16. h4 Ne7 17. Be3 Qd5 18. Qc2 Bf5 (18... Bg4
) 19. c4 Qxf3 (19... Qc6 20. Qb3 Be4 $19 {Komodo13}) 20. gxf3 Bxc2 21. Rxc2 Nf5
$15 {Wh has 4 pawn islands, all isolated pawns} 22. Rb2 b6 23. Rh3 Rac8 24. Rc2
Rc6 25. Ke2 Rfc8 26. Kd3 Nd6 27. c5 bxc5 $19 28. Rh1 c4+ 29. Ke2 a6 30. Rhc1
Nf5 31. Rd2 Nxh4 (31... c3) 32. f4 Nf5 (32... Ng6) 33. fxe5 Nxe3 34. Kxe3 fxe5
35. Rd5 Rc5 36. Ke4 c3 37. Rc2 Rxd5 38. Kxd5 Kf7 39. Kxe5 g6 (39... g5 40. Kf5
Rc5+ 41. Ke4 h5) 40. f4 h6 41. f5 gxf5 42. Kxf5 Rc5+ 43. Ke4 Ke6 44. Kd3 Kd5 (
44... h5) 45. a3 Kc6 46. a4 Kb6 47. Kd4 Rc8 48. Ke5 Ka5 49. Kf5 Kxa4 50. Kg6
Rc6+ 51. Kh5 Kb3 52. Rh2 c2 53. Rh3+ Kb2 54. Rh4 c1=Q 55. Rb4+ Ka3 56. Rf4 Rc5+
(56... Qxf4 $11) 0-1

[Event "North Wales Open"]
[Site "Llandudno"]
[Date "2019.06.23"]
[Round "5.7"]
[White "Biermann, Florian"]
[Black "Hilton, Tim"]
[Result "1/2-1/2"]
[WhiteElo "1815"]
[BlackElo "1899"]
[Annotator "kemen"]
[PlyCount "83"]
[EventDate "2019.06.22"]
[EventRounds "5"]
[EventCountry "WLS"]

1. e4 c5 2. Nc3 g6 3. f4 Bg7 4. Nf3 Nc6 5. Bb5 Nd4 6. O-O e6 7. d3 (7. e5) 7...
Ne7 8. Nxd4 {before Bl can reinforce d4} cxd4 (8... Bxd4+ {scores even better})
9. Ne2 O-O 10. Qe1 (10. Ba4) 10... d5 {25% for Wh} (10... d6 {57% for Wh}) 11.
e5 Qb6 12. Ba4 {1 Wh win, 1 draw,4 Bl wins} f6 13. Ng3 (13. Bd2 $11 {Cloud
Engines} fxe5 14. fxe5 Rxf1+ 15. Qxf1 Bxe5 16. Be8 Nf5 17. g4 Qd8 18. gxf5 Qxe8
19. fxg6 Qxg6+ 20. Qg2 (20. Kh1 $11) 20... Bd7 $17 {Sa-Sousa, Sao Joao da
Madeira op 2013,0-1}) 13... fxe5 14. fxe5 Rxf1+ 15. Kxf1 Qc7 $17 {Cloud Engines
} (15... Nc6 16. Bxc6 bxc6 17. b3 Bd7 18. Bg5 Qc7 19. Bf6 Rf8 20. Qf2 Bxf6 21.
exf6 Qe5 22. Re1 Qxf6 {Gil Capape-Navarro Alonso, Aragon ch tm 2011,0-1}) 16.
Bf4 b5 (16... a6) 17. Bxb5 Rb8 18. Ba4 Ba6 (18... Bd7 19. Bxd7 Qxd7 20. Ne2 Nc6
$17 {Komodo13}) 19. Kg1 Rf8 20. Bd2 Bxe5 $11 21. Bb4 Rf7 22. Be8 Rg7 23. Ba5
Qd6 24. Bb4 Qc7 25. Qd2 (25. Bd2) (25. Bc5 Bxg3 26. hxg3 Qxc5 27. Qxe6+ Kh8 28.
Qxa6 Qxc2 29. Qf6 Qe2 $11 {Komodo13}) 25... Nf5 (25... Bf4 26. Qe1 Be3+ 27. Kh1
Qxc2 $17 {Komodo13}) 26. Nf1 Ne3 27. Nxe3 dxe3 (27... Bf4 $5) 28. Qxe3 Bxh2+
29. Kh1 $14 Qe5 (29... Bc8) 30. Qf2 (30. Rf1 $1 $18 {Komodo13} h6 (30... Re7
31. Qh6 Qg7 32. Qxg7+ Kxg7 33. Bxe7 $18) 31. Qxh6 Bf4 32. Bxg6 Qf6 33. Rxf4
Rxg6 34. Rxf6 Rxh6+ 35. Rxh6 $18) 30... Bf4 31. g3 Rb7 (31... Qxb2 32. Qxf4
Qxa1+ 33. Kg2 h5 $15 {Komodo13}) 32. Ba3 Bh6 (32... Rb8 33. Re1 Qh5+ 34. Kg1
Rxe8 35. Qxf4 e5 36. Qa4 Rc8 37. Bd6 Qf3 38. Bxe5 Bb7 39. Qd7 Qf7 40. Qxf7+
Kxf7 41. Re2 $16 {Komodo13}) 33. Re1 $18 Qh5+ 34. Kg2 Qg4 35. Qf6 (35. Qc5 Rb8
36. Bd7 $18 {Komodo13}) 35... Rc7 36. Ba4 (36. c4 $18 {Komodo13}) 36... Rf7 $19
37. Qxe6 Qf3+ (37... Qxa4) 38. Kh2 Qh5+ 39. Kg1 Qf3 40. Kh2 Qh5+ 41. Kg1 Qf3
42. Kh2 1/2-1/2

[Event "North Wales Open"]
[Site "Llandudno"]
[Date "2019.06.23"]
[Round "5.8"]
[White "Gogia, Armaan"]
[Black "Camp, Imogen A L"]
[Result "1/2-1/2"]
[WhiteElo "1767"]
[BlackElo "1886"]
[Annotator "kemen"]
[PlyCount "75"]
[EventDate "2019.06.22"]
[EventRounds "5"]
[EventCountry "WLS"]

1. e4 e5 2. Nf3 Nc6 3. Bb5 a6 4. Ba4 Nf6 5. Qe2 b5 6. Bb3 Be7 7. c3 d6 (7...
O-O 8. O-O d5 $5 {a sharp line}) 8. h3 Na5 9. Bc2 c5 10. O-O O-O 11. d4 Qc7 12.
Rd1 (12. d5 {main}) 12... Bb7 (12... Bd7) 13. d5 Nd7 14. g4 {a bit committal,
better to develop the Q side pieces first with} (14. Nbd2 f5 15. exf5 Bxd5 16.
Ne4 $16 {the Wh squares are very sensitive in Bl's position} (16. b3 Bc6 17.
Ne4 h6 18. c4 $14 {Reithel-Brandhorst,US ch corr 1996,1/2-1/2})) 14... Rfe8 (
14... Nc4 15. b3 Ncb6 16. c4 b4 $11 {Komodo13}) 15. Nbd2 g6 16. Nf1 Bf8 17. Ng3
Bg7 18. b3 $16 Nb6 19. Be3 (19. c4) 19... Bc8 20. Qd2 Nb7 21. Kg2 a5 22. Bh6 c4
$11 23. Bxg7 Kxg7 24. Qg5 {the Engines are still content, but a Q & 2 Ns near
a weakened K side needs a very careful watch} Qe7 (24... f6 {Komodo13, a bit
surprising} 25. Nh5+ Kh8 26. Qxf6+ Kg8 27. Ng3 Rf8 28. Qg5 cxb3 29. axb3 Qxc3
30. Ne1 {and Bl has dynamic counterchances}) 25. Nh5+ $18 {Cloud Engines} Kh8
26. Nf6 Rd8 27. Qh4 (27. bxc4 {thr5own in for some obscure reason by Komodo13})
27... h5 28. gxh5 Kg7 29. h6+ (29. bxc4 {Cloud Engines again, who don't
recapture for Bl} bxc4 30. Qg5 $18 Nd7 31. h6+ Kh8 32. Ng4 Qxg5 33. Nxg5 Rf8
34. Rab1 $18) (29. Qg5 Nc5 30. Rab1 Nbd7 31. h6+ Kh8 32. Ng4 Re8 33. Qxe7 Rxe7
34. bxc4 b4 (34... bxc4 35. Rb5 $18 {but a bit unclear to human eyes}) 35. cxb4
axb4 36. Rxb4 Rxa2 37. Bb1 Ra1 38. Rh1 $16 {Komodo13}) 29... Kh8 30. Qg5 Nd7 (
30... Nc5 $16 {Deep Fritz13 & Komodo13}) 31. Nxd7 (31. Ng4 $18 {Cloud Engines}
Qxg5 32. Nxg5 Rf8 33. bxc4 bxc4 34. Rab1 Nbc5 35. Ne3 Ba6 36. h4 $18 {Komodo13.
though there is still a lot of play left} Nd3 37. f3 Nf4+ 38. Kf2 Ra7 39. Rh1
Kg8 40. h5 Nxh5 41. Nf5 gxf5 42. h7+ Kh8 43. Rxh5 Nf6 44. Rh6 Kg7 45. Rh4 $18 {
Komodo13- the Wh pieces are certainly more active}) 31... Qxg5+ (31... Rxd7)
32. Nxg5 Rxd7 33. bxc4 bxc4 34. f4 f6 35. Ne6 Re7 (35... Rh7 36. f5 $16 {
Komodo13}) 36. Nf8 $2 (36. f5 $1 $18 Kh7 (36... Bxe6 37. dxe6 {and the
protected passed pawn ties the Bl forces up far more than the h6 pawn.}) 37.
Nf8+ Kxh6 38. Nxg6) 36... Bxh3+ 37. Kxh3 Rxf8 $15 38. fxe5 {(draw?)} (38. fxe5
fxe5 $19 {Komodo13, a pair of Rs will swap , the h6 pawn is lost & the Wh B is
inferior to the N, restricted by its own pawn}) 1/2-1/2

[Event "North Wales Open"]
[Site "Llandudno"]
[Date "2019.06.23"]
[Round "5.9"]
[White "Van Kemenade, Julie"]
[Black "Menon, Davin"]
[Result "0-1"]
[WhiteElo "1718"]
[BlackElo "1848"]
[Annotator "kemen"]
[PlyCount "96"]
[EventDate "2019.06.22"]
[EventRounds "5"]
[EventCountry "WLS"]

1. e4 c6 2. d3 d5 3. Qe2 dxe4 (3... g6) 4. dxe4 e5 5. h3 (5. Nf3) 5... Be6 (
5... Nf6 {1 game each}) 6. Nf3 Nd7 7. Nc3 (7. Ng5 $5) 7... Bb4 8. Bd2 f6 9.
O-O-O Qc7 10. a3 Ba5 11. Nb1 (11. Na4) 11... Bb6 12. Be3 O-O-O 13. Bxb6 Nxb6
14. Nc3 (14. Rxd8+ Qxd8 15. Qe3 Kb8 16. Be2 $11 {Komodo13}) 14... Ne7 15. Qe3
Rxd1+ 16. Kxd1 Rd8+ 17. Kc1 Kb8 18. Nd2 Nec8 19. Bd3 $11 {(draw?)} (19. g3 $11)
19... Nd6 20. Qc5 (20. Rd1) 20... Nd7 21. Qe3 Qa5 22. Nb3 Bxb3 23. cxb3 Qc5 24.
Qd2 Kc7 25. Qc2 (25. b4 Qb6 26. Rd1 $11) 25... Kc8 26. b4 Qd4 (26... Qb6 27.
Nd5 Qd4 28. Rd1 Kb8 29. Ne3 Qb6 30. Nc4 Nxc4 31. Bxc4 $11 {Komodo13}) 27. Rd1
$18 Qb6 (27... a5 28. Bf1 Qb6 29. Rxd6 $18) 28. Nd5 Qd4 29. Ne7+ (29. Ba6 $18
Qxe4 30. Qxc6+ Kb8 31. Qc7+ Ka8 32. Qxd8+ Nb8 33. Nc7#) (29. f3 Kb8 30. Bf1 Qg1
31. Ba6 Qh2 32. Ne7 Nb6 33. Nxc6+ bxc6 34. Qxc6 $18) 29... Kc7 (29... Kb8 30.
Bf1 Qxe4 31. Rxd6 $18) 30. b5 (30. Nd5+ Kb8 31. Nc3 Qb6 32. Kb1 $11) 30... c5 (
30... Nc5 31. bxc6 Ndxe4 32. Bxe4 Qxd1+ 33. Qxd1 Rxd1+ 34. Kxd1 Nxe4 35. f3 Nd6
36. cxb7 Kxb7 37. Kc2 $11 {Komodo13}) 31. Nd5+ (31. b6+ {Komodo13} axb6 (31...
Nxb6 32. Bf1 Qxe4 33. Qxc5+ Kb8 34. Rxd6 $18) (31... Kxb6 32. Bf1 $18) 32. Nd5+
(32. Bb5) 32... Kb8 33. Bb5 Qxe4 34. Qxe4 Nxe4 35. Nxb6 Kc7 36. Nxd7 Nxf2 37.
Rd5 $18) 31... Kb8 32. Nc3 $16 c4 {only move to save the Q} 33. Be2 (33. Bxc4
Qb6 34. Be6 Nc5 35. Bg4 $16 {Komodo13}) 33... Qb6 $11 34. Bg4 (34. Qd2 Nc5 35.
Bxc4 Qc7 36. Kb1 $11) 34... Nc5 $15 35. Be2 (35. Kb1 Nd3 36. f3 $11 Qc7 (36...
Nxb5 37. Nxb5 Qxb5 38. Be6 Qb6 39. Bxc4 Nf4 40. Rxd8+ Qxd8 $11) 37. Nd5 Qf7 38.
Be6 Qxe6 39. Rxd3 $11 {Komodo13}) 35... Nb3+ (35... Ne6 36. Kb1 (36. f3 Nd4 $19
) 36... Qxf2 $19 {Komodo13}) 36. Kb1 Nd4 (36... Qxf2 37. Bxc4 Qxc2+ 38. Kxc2
Nd4+ 39. Kd3 N6xb5 40. Bxb5 Nxb5+ 41. Nd5 Nc7 42. Kc4 Ne6 43. h4 Nd4 $17 {
Komodo13}) 37. Qa4 Nxe2 38. Nxe2 Nxe4 $17 39. Rxd8+ (39. Ka2) 39... Qxd8 40.
Nc3 Qd3+ 41. Ka2 (41. Qc2 Nxc3+ 42. bxc3 Qxc2+ 43. Kxc2 Kc7 $19 {Komodo13})
41... Nxc3+ 42. bxc3 Qd2+ 43. Kb1 Qxc3 (43... Qe1+ 44. Kc2 Qxf2+) 44. b6 Qe1+
45. Kc2 Qxf2+ 46. Kd1 Qf1+ 47. Kc2 Qxg2+ 48. Kc3 Qxh3+ 0-1